<?xml version="1.0" encoding="UTF-8"?>
<record
    xmlns:xsi="http://www.w3.org/2001/XMLSchema-instance"
    xsi:schemaLocation="http://www.loc.gov/MARC21/slim http://www.loc.gov/standards/marcxml/schema/MARC21slim.xsd"
    xmlns="http://www.loc.gov/MARC21/slim">

  <leader>00535nam a2200181Ia 4500</leader>
  <controlfield tag="003">OSt</controlfield>
  <controlfield tag="005">20251117154649.0</controlfield>
  <datafield tag="020" ind1=" " ind2=" ">
    <subfield code="a">0-07-142040-1</subfield>
  </datafield>
  <datafield tag="040" ind1=" " ind2=" ">
    <subfield code="c">LIBRARY OF CONGRESS</subfield>
  </datafield>
  <datafield tag="050" ind1=" " ind2=" ">
    <subfield code="a">QA 76.73 .J38 2004</subfield>
  </datafield>
  <datafield tag="100" ind1=" " ind2=" ">
    <subfield code="a">HUBBARD ,JOHN R.</subfield>
  </datafield>
  <datafield tag="245" ind1=" " ind2="0">
    <subfield code="a">SCHAUM'S OUTLINE OF THEORY AND PROBLEMS OF PROGRAMMING WITH JAVA </subfield>
  </datafield>
  <datafield tag="260" ind1=" " ind2=" ">
    <subfield code="a">NEW YORK</subfield>
    <subfield code="b">MCGRAW-HILL  </subfield>
    <subfield code="c">2004</subfield>
  </datafield>
  <datafield tag="300" ind1=" " ind2=" ">
    <subfield code="a">XII, 345 P.: ILL</subfield>
  </datafield>
  <datafield tag="500" ind1=" " ind2=" ">
    <subfield code="a">INCLUDES BIBLIOGRAPHICAL REFERENCES AND INDEX</subfield>
  </datafield>
  <datafield tag="600" ind1=" " ind2=" ">
    <subfield code="a">JAVA (COMPUTER PROGRAM LANGUAGE)</subfield>
  </datafield>
  <datafield tag="942" ind1=" " ind2=" ">
    <subfield code="c">BK</subfield>
    <subfield code="2">lcc</subfield>
    <subfield code="n">0</subfield>
  </datafield>
  <datafield tag="999" ind1=" " ind2=" ">
    <subfield code="c">183804</subfield>
    <subfield code="d">183804</subfield>
  </datafield>
  <datafield tag="952" ind1=" " ind2=" ">
    <subfield code="0">0</subfield>
    <subfield code="1">0</subfield>
    <subfield code="2">lcc</subfield>
    <subfield code="4">0</subfield>
    <subfield code="7">0</subfield>
    <subfield code="8">SCT</subfield>
    <subfield code="a">KSUL</subfield>
    <subfield code="b">KSUL</subfield>
    <subfield code="c">DISPLAY</subfield>
    <subfield code="d">2025-11-17</subfield>
    <subfield code="i">29117</subfield>
    <subfield code="l">0</subfield>
    <subfield code="o">QA 76.73 .J38 2004</subfield>
    <subfield code="p">018451</subfield>
    <subfield code="r">2025-11-17 15:47:44</subfield>
    <subfield code="t">1</subfield>
    <subfield code="w">2025-11-17</subfield>
    <subfield code="y">BK</subfield>
  </datafield>
</record>
